00513nam a2200157Ia 4500008004100000041000800041082001700049100002300066245003600089260003700125300003100162365001200193440000600205999001700211952012700228240624s9999 xx 000 0 und d aeng a658.4058 WIL aWILLCOCKS LESLIE P aOUTSOURCING INFORMATION SYSTEMS c2009aLondonbSage International axxx, : 349 : p. : cm. ; 24 cGBPb38 v3 c23263d23263 00104070aIMTNbIMTNcRack 31-Ad2014-09-29eRWg450.00o658.4058 WILp23263r2024-06-24 00:00:00t107.6w2024-06-24yBK